| 000 | 00865nam a2200253 4500 | ||
|---|---|---|---|
| 003 | OSt | ||
| 005 | 20260530115258.0 | ||
| 008 | 260506b19741980sp ||||| |||| 00| 0 spa d | ||
| 020 | _a8425209471 | ||
| 040 |
_aICI _bSPA _cICI |
||
| 041 | _aSPA | ||
| 050 |
_aT15 _bP32 |
||
| 100 | 1 |
_aPacey, Arnold, _eautor _930818 |
|
| 245 | 1 | 0 |
_aEl laberinto del ingenio : _b Ideas e idealismo en el desarrollo de la tecnologia / _cArnold pacey ; version castellana de Homero alsina the venet ; revision bibliografica por joaquim romeaguera i ramio |
| 264 | 1 |
_aBercelona : _bGustavo Gili, _c1974 |
|
| 300 | _a346 páginas | ||
| 336 |
_atexto _2rdacontent |
||
| 337 |
_asin medio _2rdamedia |
||
| 338 |
_avolumen _2rdacarrier |
||
| 490 | _aColección Tecnología y sociedad | ||
| 650 |
_aTecnología _xAspectos sociales |
||
| 650 |
_aTecnología _xHistoria |
||
| 942 |
_2lcc _cBK _n1 |
||
| 999 |
_c12721 _d12721 |
||